Statistics for Modern Chinese History

Click here to take the quiz!

General Stats

  • This quiz has been taken 84 times
    (79 since last reset)
  • The average score is 38 of 58

Answer Stats

YearHintAnswer% Correct
1937This city falls to Japan and is famously looted, raped and destroyedNanjing
91%
1932Japan establishes this puppet state with the former EmperorManchukuo
89%
1947The Nationalist government flees to this islandTaiwan
89%
1900This rebellion starts a war with Western nationsBoxer Rebellion
87%
1921This political organisation is foundedChinese Communist Party
87%
1949This major city falls where Mao proclaims the foundation of the PRCBeijing
85%
1938This river is intentionally flooded to slow JapanYellow River
85%
1946This conflict resumes following Japan's defeatChinese Civil War
83%
1997This treaty city is handed back to ChinaHong Kong
83%
1912The Tongmenghui is renamed to thisGuomindang
80%
1908This child becomes the new EmperorPuyi
80%
1989This protest never happened according to the government.Tiananmen Square Protests
80%
1917China enters this conflictWorld War One
80%
1958This collectivised farming initiative and efforts industrialise the country leads to famineGreat Leap Forward
78%
1999This treaty city is handed back to ChinaMacau
78%
1991This fast food restaurant first opens in BeijingMcDonalds
78%
1951This province is emitted into the PRCTibet
78%
2012This man is appointed as China's General SecretaryXi Jinping
78%
1931This general gains a name for himself because of his skillZhu De
78%
1934Famous military retreat startsLong March
76%
1972This US president visits ChinaRichard Nixon
76%
1960China breaks relations with this countrySoviet Union
76%
1904This man founds the TongmenghuiSun Yat-Sen
76%
1966Mao's Cult of Personality and radicalisation of students against "those in authority"Cultural Revolution
72%
1978This man becomes Paramount Leader of China, replacing ^^^Deng Xiaoping
72%
1980China implements this family policyOne Child Policy
72%
1937Japanese soldiers attack this bridgeMarco Polo
70%
2017China bans this children's cartoon character for alleged resemblance with its leaderWinnie the Pooh
70%
1911The Monarchy is overthrown in this revolution{Xinhai} Revolution
67%
2000China passes this country to which the United States has the largest trade deficitJapan
65%
1912(No.2) resigns as provisional president to this manYuan Shikai
65%
1919This protest happens at Tiananmen SqaureMay Fourth Movement
61%
1927This events happens in Shanghai on the orders of Chiang Kai-shekShanghai Massacre
59%
1976This beloved Premier, who governed since the start, dies, triggering protests as a result of being refused a funeral.Zhou Enlai
59%
1915Japan orders this from China21 Demands
57%
1943Chiang Kai-shek meets with Churchill and Rooselvelt in this city to discuss post war plans for ChinaCairo
57%
1923The Guomindang and ^^ form this allianceFirst United Front
57%
1976Following Mao's death, this man becomes the new ChairmanHua Guofeng
57%
1931This rival government forms a republic in this provinceJiangxi
57%
1957This campaign was introduced in hopes that they party could use constructive criticism to improve. It backfired.Hundred Flowers
54%
2003Hu Jintao succeeded this person as president.Jiang Zemin
54%
1971This Chinese General dies in a plane crash after that failed coupLin Biao
54%
2001Protests happened in this 1989 square again where victims _____ themselves in protestBurnt
50%
2019Protests happen in Hong Kong over these new lawsExtradition
50%
1966Mao's wife who radicalised ^^^^Jiang Qing
50%
1926This event goes underwayNorthern Expedition
50%
2015This website is blocked in ChinaWikipedia
50%
1957This movement were opponents are sentenced to labour or death is initiatedAnti-Rightist Movement
48%
2009Riots happen in this city against Han Chinese (Xinjiang province)Ürümqi.
48%
1966The February Outline Report does a politically motivated view on this play.Hai Rui Dismissed From Office
46%
1969This man is denounced and is stripped from the PresidencyLiu Shaoqi
46%
2007This lunar orbiter was launchedChang'e 1
43%
1959This Korean War General Hero criticises the policies of ^^^ and loses his position as a result.Peng Dehuai
43%
2014Citizens attacked a railway in this provinceYunnan
43%
1944United States makes a report on the Communist Base, noting their efficiency in battle and with politics.Dixie Mission
41%
1971This speechwriter and propagandist for Mao is purgedChen Boda
39%
1966Beijing Mayor ____, writes positively of the play in the report.Peng Zhen
39%
1971Name of plot against Mao, masterminded by the next answer's sonProject 571
39%

Score Distribution

Percentile by Number Answered

Percent of People with Each Score

Your Score History

You have not taken this quiz since the last reset